|
|
|
|
| LEADER |
01389nam a2200301 a 4500 |
| 001 |
12663386 |
| 008 |
091515s2001 ii afg b 000 0 eng d |
| 010 |
|
|
|a 2002276299
|
| 020 |
|
|
|a 0195653653
|
| 040 |
|
|
|a DLC
|c DLC
|d DLC
|
| 082 |
0 |
0 |
|a 891.4/4/15
|2 21
|
| 100 |
1 |
|
|a Tagore, Rabindranath,
|d 1861-1941.
|
| 240 |
1 |
0 |
|a Plays.
|l English.
|k Selections
|
| 245 |
1 |
0 |
|a Three plays /
|c Rabindranath Tagore ; translated and with an introduction by Ananda Lal.
|
| 260 |
|
|
|a New Delhi ;
|a New York :
|b Oxford University Press,
|c 2001.
|
| 300 |
|
|
|a 403 p., [9] p. of plates :
|b ill. (some col.), music ;
|c 22 cm.
|
| 490 |
0 |
|
|a Oxford India paperbacks
|
| 500 |
|
|
|a Plays.
|
| 500 |
|
|
|a Includes songs in Bengali (roman) with music.
|
| 500 |
|
|
|a Revision of the translator's thesis (doctoral--Department of Theatre, University of Illinois, 1986)
|
| 504 |
|
|
|a Bibliography: p. [511]-526.
|
| 541 |
1 |
|
|e 00019414
|
| 505 |
0 |
|
|a Red oleander (Rakta-karavī) -- Tapati -- Formless jewel (Arūp ratan)
|
| 600 |
1 |
0 |
|a Tagore, Rabindranath,
|d 1861-1941
|x Translations into English.
|
| 700 |
1 |
|
|a Lal, Ananda,
|d 1955-
|
| 852 |
4 |
|
|a Ayesha Abed Library
|j General Shelf.
|
| 999 |
|
|
|c 4604
|d 4604
|
| 952 |
|
|
|0 0
|1 0
|2 ddc
|4 0
|6 891_441500000000000_TAG
|7 0
|9 4389
|a BRACUL
|b BRACUL
|c GEN
|d 2009-10-09
|l 4
|m 9
|o 891.4415 TAG
|p 3010019414
|r 2025-10-07
|s 2025-08-03
|t 1
|w 2009-10-18
|y BK
|x Transferred from ENH to Ayesha Abed library on 20/12/2023
|